000 01283nam0a2200325 4500
001 RU\NLR\BIBL_A\011411289
005 20241105171616.0
010 _a9785917753355
_9500
021 _aRU
_b2017-38916
_92838
035 _a(RuMoRGB)008896993
035 _a(NLR Aleph) 011411289
090 _a11559000
_c11559000
100 _a20170620d2017 u y0rusy50 ca
101 0 _arus
102 _aRU
105 _aac z 000zy
200 1 _aСамый северный город России - Певек
_e[сборник
_fМБУК "Библиотека городского округа Певек"]
205 _a3-е изд., доп. и испр.
210 _aМосква
_cСпорт и культура-2000
_d2017
215 _a220, [3] с.
_cил., цв. ил., портр.
_d30
607 _aПевек, город (Чукотский автономный округ)
_xИстория
_92128471
_3RU\NLR\AUTH\661588316
686 _aТ3(2Р-6Чу-2Певек)0,02
_2rubbk
686 1 _aТ3(2Р-4М-6Чу) 7,02
686 1 _aД890(2Р55-4М-6Чу)
712 0 2 _4570
_aБиблиотека городского округа Певек
_9562015
_3RU\NLR\AUTH\880449241
942 _cBOOK
980 _aNBR